BIBLIOTECA

SENCICO

Elementos visuales del diseño aplicados en la vivienda de Lima / (Registro nro. 4451)

Detalles MARC
000 -LEADER
fixed length control field 01126nam a22002777a 4500
003 - CONTROL NUMBER IDENTIFIER
control field PE SENCICO BE
005 - DATE AND TIME OF LATEST TRANSACTION
control field 20251020182647.0
008 - FIXED-LENGTH DATA ELEMENTS--GENERAL INFORMATION
fixed length control field 231116b |||||||| |||| 00| 0 eng d
040 ## - CATALOGING SOURCE
Original cataloging agency PE SENCICO BE
Transcribing agency PE SENCICO BE
041 ## - LANGUAGE CODE
Language code of text/sound track or separate title spa
084 ## - OTHER CLASSIFICATION NUMBER
Classification number I
-- DIS
-- 2017
Item number H82
100 1# - MAIN ENTRY--PERSONAL NAME
9 (RLIN) 1799
Personal name Huarcaya Antayhua, Cynthia
Relator term autor
245 1# - TITLE STATEMENT
Title Elementos visuales del diseño aplicados en la vivienda de Lima /
Statement of responsibility, etc. Cynthia Huarcaya Antayhua
260 ## - PUBLICATION, DISTRIBUTION, ETC.
Place of publication, distribution, etc. Lima :
Date of publication, distribution, etc. 2017
300 ## - PHYSICAL DESCRIPTION
Extent 62 h. :
Other physical details il. col. ;
Dimensions 30 cm.
502 ## - DISSERTATION NOTE
Dissertation note Monografía de Titulación.-- Servicio Nacional de Capacitación para la Industria de la Construcción. Escuela Superior Técnica. Carrera Profesional Técnica en Diseño de Interiores, 2017
650 10 - SUBJECT ADDED ENTRY--TOPICAL TERM
9 (RLIN) 44
Topical term or geographic name entry element Diseño de interiores
650 20 - SUBJECT ADDED ENTRY--TOPICAL TERM
9 (RLIN) 89
Topical term or geographic name entry element Percepción visual
650 20 - SUBJECT ADDED ENTRY--TOPICAL TERM
9 (RLIN) 1800
Topical term or geographic name entry element Antropometría
650 20 - SUBJECT ADDED ENTRY--TOPICAL TERM
9 (RLIN) 1801
Topical term or geographic name entry element Dimensiones huamanas
650 20 - SUBJECT ADDED ENTRY--TOPICAL TERM
9 (RLIN) 199
Topical term or geographic name entry element Distribución de espacios (viviendas)
650 20 - SUBJECT ADDED ENTRY--TOPICAL TERM
9 (RLIN) 615
Topical term or geographic name entry element Planos
710 1# - ADDED ENTRY--CORPORATE NAME
Corporate name or jurisdiction name as entry element Servicio Nacional de Capacitación para la Industria de la Construcción.
Subordinate unit Escuela Superior Técnica
9 (RLIN) 1065
910 ## - USER-OPTION DATA (OCLC)
-- hfp
-- hfp
942 ## - ADDED ENTRY ELEMENTS (KOHA)
Koha item type Monografía de Titulación
Existencias
Fecha de la última vez que lo usaron Número de ingreso o de inventario Pago total Signatura topográfica completa Código de barras Precio efectivo desde Tipo de documento Estado perdido Estado dañado No es para préstamo Retirado Ubicación permanente Ubicación actual Fecha de adquisición
16/11/2023 I-00275   I/DIS/2017/H82/V. 1 BibLima23110038 16/11/2023 Monografía de Titulación         Biblioteca Central Lima Biblioteca Central Lima 15/11/2023
06/03/2024 I-00550   I/DIS/2017/H82/v. 2 BibLima24030031 06/03/2024 Monografía de Titulación         Biblioteca Central Lima Biblioteca Central Lima 06/03/2024